01489nam a2200397 i 450000100060000000300080000600500170001400600190003100700150005000800410006502000180010602000270012403500220015104000310017305000250020408000100022908200180023910000260025724501450028326400440042830000250047233600310049733700330052833800430056150000230060458800680062759001620069565000280085765000320088565000180091765000170093565500270095279700170097985600780099699900170107424192FlNmELB20241216214140.0m o d | cr cnu||||||||131004s2013 sp o 001 0 spa d z9788468610481 a9788468610498 (e book) a(OCoLC)1128457289 aFINmELBbspaerdacFINmELB 4aCS2375.S7bB248 2013 a929.50 a929.409462231 aBarea López, Oscar.10aHeráldica y genealogía de Cabra de Córdoba, Doña Mencía y Monturque y de sus enlaces (SS.XV-XIX) :bTomo I /cOscar Barea López. 1aMadrid :bBubok Publishing S.L.,c2013. a1 recurso en línea atextobtxt2rdacontent/spa acomputadorabc2rdamedia/spa arecurso en líneabcr2rdacarrier/spa aContiene índice. aDescripción basada en el editor de metadatos y otras fuentes. aRecurso electrónico. Santa Fe, Arg.: elibro, 2015. Disponible vía World Wide Web. El acceso puede estar limitado para las bibliotecas afiliadas a elibro. 0aNames, PersonalzSpain. 0aHeraldryzSpainzCórdoba. 4aGenealogía. 4aHeráldica. 4aLibros electrónicos.2 aelibro, Corp40uhttps://elibro.net/ereader/politecnicointernacional/104927zClick to View c24192d24192